| 000 | 00556nam a22001817a 4500 | ||
|---|---|---|---|
| 010 | _aENG-148155 | ||
| 020 |
_a9789348179920 _c1095.00 |
||
| 035 | _aEN-131687 | ||
| 037 |
_aDPL _bDBAD |
||
| 082 |
_213 _a346.5402 |
||
| 100 |
_aKapoor, Rajesh _988804 |
||
| 245 |
_aAvtar's Singh Contract & Specific Relief/ _cRajesh Kapoor |
||
| 250 | _a13 | ||
| 260 |
_aLucknow _bEastern Book Company _c2024 |
||
| 270 |
_a34,Lal Bagh , _bLucknow _e226001 |
||
| 300 |
_avpp. _c24cm(pb) _bill. |
||
| 942 |
_2ddc _cEN _e13 _h346.5402 _mKAP |
||
| 999 |
_c215789 _d215789 |
||